Central Library OPAC University of Rajshahi

মেঘনাদবধ কাব্য / (Record no. 40904)

MARC details
000 -LEADER
fixed length control field 01376nam a2200277 a 4500
001 - CONTROL NUMBER
control field 40904
003 - CONTROL NUMBER IDENTIFIER
rucl marc code BD-RjUL
005 - DATE AND TIME OF LATEST TRANSACTION
control field 20211209053308.0
008 - FIXED-LENGTH DATA ELEMENTS--GENERAL INFORMATION
fixed length control field 160512b ii ||||| |||| 00| 0 ben d
020 ## - INTERNATIONAL STANDARD BOOK NUMBER
Terms of availability IRs. 5.00
035 ## - SYSTEM CONTROL NUMBER
System control number (BD-RjUL)41020
040 ## - CATALOGING SOURCE
Original cataloging agency BD-RjUL
Language of cataloging eng
Transcribing agency BD-RjUL
Modifying agency BD-RjUL
041 ## - LANGUAGE CODE
Language code of text/sound track or separate title eng
082 ## - DEWEY DECIMAL CLASSIFICATION NUMBER
Edition number 23
Classification number 891.441
Author mark and year DAM
100 ## - MAIN ENTRY--PERSONAL NAME
Personal name দত্ত, মাইকেল মধুসূদন
9 (RLIN) 125909
245 10 - TITLE STATEMENT
Title মেঘনাদবধ কাব্য /
Statement of responsibility, etc. মাইকেল মধুসূদন দত্ত ; শ্রী সুবোধ চন্দ্র সেনগুপ্ত লিখিত ভূমিকা সংবলিত ; শ্রী কালীপদ সেন সম্পাদিত
250 ## - EDITION STATEMENT
Edition statement পূর্ণাঙ্গ সং.
260 ## - PUBLICATION, DISTRIBUTION, ETC. (IMPRINT)
Place of publication, distribution, etc. কলিকাতা :
Name of publisher, distributor, etc. এ. মুখার্জী অ্যাণ্ড কোং,
300 ## - PHYSICAL DESCRIPTION
Pagination ৩৯০ পৃ.
Size ২২ সেমি.
500 ## - GENERAL NOTE
General note টীকা, টীপ্পনী সংযুক্ত
650 ## - SUBJECT ADDED ENTRY--TOPICAL TERM
Topical term or geographic name as entry element বাংলা কবিতা
9 (RLIN) 125910
Topical term or geographic name as entry element Bengali Poetry
9 (RLIN) 125911
700 ## - ADDED ENTRY--PERSONAL NAME
Personal name সেনগুপ্ত, শ্রী সুবোধ চন্দ্র, লিখিত ভূমিকা সংবলিত
Personal name সেন, শ্রী কালীপদ, সম্পাদক
942 ## - ADDED ENTRY ELEMENTS (KOHA)
Source of classification or shelving scheme Dewey Decimal Classification
Koha item type Books
Holdings
Lost status Source of classification or shelving scheme Damaged status Not for loan Collection code Permanent Location Current Location Shelving location Date acquired Source of acquisition Cost, normal purchase price Total Checkouts Full call number Date last seen Date checked out Copy number Koha item type
  Dewey Decimal Classification     Non-fiction Central Library, University of Rajshahi Central Library, University of Rajshahi   03/10/1963 Kamala Book 5.00 6 B 891.441 DAM 12/05/2024 08/05/2024 C-2 Books
  Dewey Decimal Classification     Non-fiction Central Library, University of Rajshahi Central Library, University of Rajshahi     Ideal Library, Dhaka 3.24 3 B 891.441 DAM 1962 25/02/2024 08/02/2024 C-3 Books